01130nam a22002657a 4500001000400000003000400004005001700008008004100025040000800066041000800074082001700082100003200099245008700131250001300218260003500231300001800266520042900284650002600713650001900739650002800758655001200786655002100798700002800819830001700847486OSt20250903154704.0250903b |||||||| |||| 00| 0 eng d bpor hpor04a028.5bA329l1 aAlbergaria, Lino de,d1950-10aLia e a sexta série /cLino de Albergaria ; ilustrações de Marco Aragão. - a3. ed. - aSão Paulo :bSaraiva,c2003. a93p. :bil. ; aAs aulas vão começar e Lia tem um desafio pela frente: a sexta série. Meninos e meninas não se estranham mais como cães e gatos e essa será uma grande mudança. Mudam também os professores (e agora?). Bem, a vida não pode ser sempre a mesma... Será uma época de muitas novidades e Lia está ansiosa para conhecê-las. Em casa ou na escola, ela vai, de maneira divertida, viver e aprender muita coisa aLiteratura Brasileira 0aInfantojuvenil 0aAmizade e Solidariedade 0aRomance 0aNão Ficção1 aAragão, Marco,d1959- 0aJabutipVida